Dagestani UFC Fighters - Statistics

General Stats
  • This quiz has been taken 263 times
  • The average score is 5 of 8
Answer Stats
Picture Hint Answer % Correct
Lightweight Islam Makhachev
100%
Retired Lightweight Khabib Nurmagomedov
86%
Bantamweight Umar Nurmagomedov
82%
Light Heavyweight Magomed Ankalaev
72%
Retired Featherweight Zabit Magomedsharipov
57%
Heavyweight Shamil Gaziev
44%
Bantamweight Said Nurmagomedov
37%
Flyweight Tagir Ulanbekov
36%
No matching quizzes found
Score Distribution
Percent of People with Each Score
Percentile by Number Answered
Your Score History
You have not taken this quiz